Estatísticas para Digitação rápida de 1 a 100

Clique aqui para jogar o quiz

Estatísticas Gerais

  • Esse quiz foi jogado 859 vezes
  • A pontuação média é 73 de 100

Estatísticas das Respostas

#% Correto
1
100%
2
100%
3
98%
4
97%
5
97%
6
97%
8
97%
7
96%
9
96%
11
93%
10
92%
12
92%
13
91%
14
91%
15
90%
16
90%
17
90%
18
90%
19
89%
21
89%
23
89%
22
88%
25
88%
20
87%
26
87%
24
86%
27
86%
28
86%
30
86%
31
86%
33
86%
34
86%
29
85%
32
85%
37
85%
38
85%
46
85%
35
84%
36
84%
39
84%
40
84%
45
84%
43
83%
44
83%
47
83%
41
82%
42
82%
48
82%
49
81%
50
81%
51
79%
52
77%
54
77%
55
77%
53
76%
56
76%
58
75%
59
75%
57
74%
60
72%
61
70%
62
70%
63
70%
65
69%
66
69%
64
68%
67
68%
68
65%
69
65%
70
63%
71
63%
72
61%
73
60%
74
59%
75
59%
76
57%
77
56%
78
55%
79
54%
81
52%
82
52%
80
51%
83
50%
84
48%
88
48%
85
46%
86
46%
87
46%
90
45%
89
44%
93
44%
92
43%
91
42%
95
40%
96
40%
99
40%
94
39%
97
39%
100
38%
98
37%

Distribuição das Pontuações

Percentil de Números Respondidos

Porcentagem de Pessoas com Cada Pontuação

Sua Pontuação Histórica

Você não jogou esse quiz